Manual de explotación de aves de corral
Guardado en:
| Formato: | Libro |
|---|---|
| Publicado: |
Colombia :
Grupo Latino,
2005
|
| Series: | Volvamos al campo
|
| Materias: | |
| Etiquetas: |
Agregar Etiqueta
Sin Etiquetas, Sea el primero en etiquetar este registro!
|
| LEADER | 00889nam a22002415a 4500 | ||
|---|---|---|---|
| 001 | CEM.cems017623 | ||
| 005 | 20120328125906.0 | ||
| 008 | 130507s2005##################000#0#####d | ||
| 003 | CEMS | ||
| 020 | |a 9789588203147 | ||
| 082 | 0 | 4 | |a 636.5 |
| 245 | 0 | 0 | |a Manual de explotación de aves de corral |
| 260 | |a Colombia : |b Grupo Latino, |c 2005 | ||
| 300 | |a 816 p. | ||
| 490 | 0 | |a Volvamos al campo | |
| 505 | 0 | |a Alojamiento y depósitos -- Aves -- Enfermedades de las aves -- Nutrición -- Producción avícola a la intemperie -- Patos -- Pavos -- Ganzos -- Faisanes -- Codornices -- Gallinetas -- Aves de compañía -- Avestruces | |
| 653 | |a Aves de corral | ||
| 653 | |a Aves de corral-explotación | ||
| 653 | |a Aves de corral-nutrición | ||
| 653 | |a Aves de corral-enfermedades | ||
| 653 | |a Codorniz | ||
| 653 | |a Codornices | ||
| 859 | |a CEMS |b BIB. CEMS - Agricultura |h 636.5 |i M319 |p A1402.11 |t Ej.1 | ||
